Responses for show #6378 - Wednesday, May 16, 2012

2012 Power Players Week game 3.
From DAR Constitution Hall in Washington, D.C.

Contestants

[<< previous game]

Chris Wallace, a TV host from Fox News Sunday

Katty Kay, a Washington, D.C. anchor from BBC World News America

Dr. Mehmet Oz, a cardiac surgeon and TV host from The Dr. Oz Show

[next game >>]

Jeopardy! Round responses

FAIR & BALANCED
ABRUPT ABBREVS.
WASHINGTON, D.C.
(Alex: Now you're all here playing for charity, so we're going to test you on your knowledge of...)
STARS & CAUSES
IT'S THE "E"-CONOMY
THE AUDACITY OF HOPE
(Alex: But with a twist. We're talking about Bob Hope.)
    $200 1
a balanced budget

Katty
    $200 12
a technical knockout

Chris
    $200 7
the Washington Mall

Dr. Oz
    $200 6
exports

Chris
    $200 13
JFK

Chris
    $400 2
the World's Fair

Dr. Oz
    $400 15
(Chris: I always knew you were gonna ask one of these questions. What is [*]?)
(Alex: Yes. [Chuckles] All right, we have a minute to go now, Chris.)

Canada

Chris
    $400 8
the exchange rate

Dr. Oz
    $400 14
Gorbachev

Katty
    $600 3
Libra

Katty
    $600 20
[The end-of-round signal sounds.]

the National Archives

Chris
    $600 9
earned income

Triple Stumper
    $600 16
Dan Quayle

Chris
    $800 4
(Dr. Oz: What is a latte?)
(Alex: No.)
[Laughter]
(Alex: Would you like one?)

fair trade

Dr. OzKatty
    $800 10
the equity market

Dr. Oz
    $800 18
Richard Nixon

Chris
    $1000 5
Edward Albee

Katty
    $1000 19
DuPont Circle

Katty
    $1000 11
Employment

Triple Stumper
    $1000 17
friends

Triple Stumper

Scores at the first commercial break (after clue 11):

Dr. Oz Katty Chris
$1,000 $2,600 $200

Scores at the end of the Jeopardy! Round:

Dr. Oz Katty Chris
$1,000 $4,000 $3,000

Double Jeopardy! Round responses

POLITICAL CINEMA
YOU CALL YOURSELF A DOCTOR?
COLOR ME BAD
"BLOW" HARDS
THE NEW YORK TIMES THE ARTS
THE BRITISH ARE COMING!
    $400 2
the Cuban Missile Crisis

Katty
    $400 1
Doom

Chris
    $400 23
the Black Death

Katty
    $400 14
a blowout

Chris
    $400 13
the Metropolitan Museum of Art

Katty
    $400 3
Detroit

Chris
    $800 4
The Ides of March

Katty
    $800 10
Washington

Chris
    $800 24
Agent Orange

Dr. Oz
    $800 15
a whistleblower

Katty
    $800 19
Mad Men

Chris
    $800 8
the Library of Congress

Chris
    $1,000 5
(Katty: What is Mr. Smith Comes to Washington?)
(Alex: Oh, no, no. Gosh. I'm sorry to rule against you.)

Mr. Smith Goes to Washington

Katty
    $1200 25
Dr. Demento

Triple Stumper
    $1200 16
(Alex: You're surprised that you got that, aren't you?)
(Chris: Yes, I'm very surprised.)
(Dr. Oz: Very well done.)
[Laughter]
(Chris: [Pointing to his head] It's amazing what comes up.)

Hootie & the Blowfish

Chris
    $1200 20
NYU

Chris
    $1200 9
Lexington, Massachusetts

Dr. Oz
    $1600 6
John Travolta

Chris
    $1600 26
[The end-of-round signal sounds.]

the Strategic Defense Initiative (SDI)

Chris
    $1600 17
Hornblower

Chris
    $1600 21
(Alex: Less than a minute to go now.)

on tape (or recorded)

Chris
    $2,000 11
(Chris: I've lived my whole life to say, "Alex, let's make it a True Daily Double," but this is way too much money.)
[Laughter]

New Orleans

Chris
    $2000 7
Charlie Wilson's War

Katty
    $2000 18
glassblowing

Chris
    $2000 22
(Chris: What is Lincoln Center?)
...
(Alex: If it isn't Lincoln Center, it's probably [*].)

Carnegie Hall

Chris
Triple Stumper
    $2000 12
Trenton

Chris

Scores at the end of the Double Jeopardy! Round:

Dr. Oz Katty Chris
$3,000 $7,800 $19,400
(lock game)

[wagering suggestions for these scores]

Final Jeopardy! Round responses

AMERICAN LITERATURE
(Dr. Oz: I was going [*]. Couldn't do the math quite fast enough.)
(Alex: Well, you went with the right response.)
...
(Alex: Katty Kay, what about you?)
(Katty: [before her response is revealed]: I also went with [*], but, um...)
(Alex: You didn't risk much?)
(Katty: I didn't risk enough money.)
...
(Katty: I was never gonna catch up with Chris anyway.)
(Alex: Good. You figured that out.)
[Laughter]
...
(Chris: I did have to do the adding, it didn't come so quickly, but I did pick [*].)
Dr. OzWhat is Gone With The Wind
$2,900
KattyWhat is gone with the wind
$200
ChrisWhat is "Gone with the Wind"?
$3,400
Gone with the Wind

Final scores:

Dr. Oz Katty Chris
$5,900 $8,000 $22,800
3rd place: $10,000 to HealthCorps 2nd place: $10,000 to the International Women's Media Foundation Winner: $50,000 to Hope for the Warriors

Game dynamics:

Coryat scores:

Dr. Oz Katty Chris
$3,000 $8,800 $19,000
6 R,
1 W
12 R,
1 W
(including 1 DD)
22 R
(including 1 DD),
1 W

Combined Coryat: $30,800

The J! Archive is created by fans, for fans. The Jeopardy! game show and all elements thereof, including but not limited to copyright and trademark thereto, are the property of Jeopardy Productions, Inc. and are protected under law. This website is not affiliated with, sponsored by, or operated by Jeopardy Productions, Inc. Join the discussion at JBoard.tv.